01558nam a2200289 a 450000100100000000500170001000800410002702000180006804000250008608200150011110000550012624501410018126000380032230000280036049000380038850000570042650400300048359000260051370000530053983000470059295201270063995201270076695201270089395201130102095201180113399900170125100004804520240305140538.0181109s2017 dr 000 p spa d a9789945503173 aDO-SdBNPbspacBNPHU axxxxbI37y1 aIncháustegui Cabral, Héctor,d1912-197992102410aYerbas bajo las piedras :b[selección poética] /cHéctor Incháustegui Cabral ; seleccion y prólogo de José Enrique García. aSanto Domingo :bNacional,c2017. axxiii, 228 p. ;c19 cm.1 aBiblioteca dominicana básicav9 aIncluye datos biográficos del autor en las solapas aBibliografía : p. 21-23 aInventariado, 2018/LP1 aGarcía, José Enrique,d1948-epról.922487 0aBiblioteca dominicana básica ;n9975553 001054708DSaGRbGRcHDd2018-11-09iLF1l0oxxxx I37yp48045-30r2020-06-25te.3w2020-06-25yLFDSZPréstamo en sala 001054708DSaGRbGRcHDd2018-11-09iLF1l0oxxxx I37yp48045-40r2020-06-25te.4w2020-06-25yLFDSZPréstamo en sala 001054708DSaGRbGRcHDd2018-11-09iLF1l0oxxxx I37yp48045-50r2020-06-25te.5w2020-06-25yLFDSZPréstamo en sala 0010718PDaPDbPDcHDd2018-11-09iLF1l0oxxxx I37yp48045-10r2020-06-25w2020-06-25yLFPDZNo se presta 0010718PDaPDbPDcHDd2018-11-09iLF1l0oxxxx I37yp48045-20r2020-06-25te.2w2020-06-25yLFPDZNo se presta c47533d47533